A budapesti Z-generáció intézményes kultúrafogyasztási szokásai

Bibliográfiai részletek
Szerző: Panyi Alexandra
További közreműködők: Schultz Éva
Dokumentumtípus: Diplomadolgozat
Kulcsszavak:z generáció
generációk
kulturális intézmények
kultúrafogyasztás
kultúramarketing
digitális bennszülöttek
Online Access:http://dolgozattar.uni-bge.hu/21005

MARC

LEADER 00000nta a2200000 i 4500
001 dolg21005
005 20190909104247.0
008 190513suuuu hu om 000 hun d
040 |a BGE Dolgozattár Repozitórium  |b hun 
041 |a hu 
100 1 |a Panyi Alexandra 
245 1 2 |a A budapesti Z-generáció intézményes kultúrafogyasztási szokásai  |c Panyi Alexandra  |h [elektronikus dokumentum] 
246 1 1 |a A budapesti Z-generáció intézményes kultúrafogyasztási szokásai 
695 |a z generáció 
695 |a generációk 
695 |a kulturális intézmények 
695 |a kultúrafogyasztás 
695 |a kultúramarketing 
695 |a digitális bennszülöttek 
700 1 |a Schultz Éva  |e ths 
856 4 0 |u http://dolgozattar.uni-bge.hu/21005/1/Panyi_Alexandra_F60TOW_ANDR.pdf  |z Dokumentum-elérés